Rendezési terv készül Szeged belvárosára
Elmentve itt :
| Szerző: | |
|---|---|
| Dokumentumtípus: | Cikk |
| Megjelent: |
1969-05-04
|
| Sorozat: | Délmagyarország
59 No. 100 |
| Kulcsszavak: | Városrendezés Szeged 1969 |
| Online Access: | http://dmarchiv.bibl.u-szeged.hu/64124 |
| LEADER | 00480nab a2200157 i 4500 | ||
|---|---|---|---|
| 001 | delm64124 | ||
| 005 | 20180927151254.0 | ||
| 008 | 180927s1969 hu o 0|| hun d | ||
| 040 | |a SZTE Délmagyarország Archívum |b hun | ||
| 041 | |a hun | ||
| 100 | 1 | |a Fehér Kálmán | |
| 245 | 1 | 0 | |a Rendezési terv készül Szeged belvárosára |h [elektronikus dokumentum] / |c Fehér Kálmán |
| 260 | |c 1969-05-04 | ||
| 300 | |a 3 | ||
| 490 | 0 | |a Délmagyarország |v 59 No. 100 | |
| 695 | |a Városrendezés Szeged 1969 | ||